Technoeconomic Prerequisites for Use of Water-Coal-Organic Chemical Slurry Fuels in Large Power Plants; Chemical and Petroleum Engineering; Vol. 53, iss. 5-6

Бібліографічні деталі
Parent link:Chemical and Petroleum Engineering: Scientific Journal
Vol. 53, iss. 5-6.— 2017.— [P. 412-419]
Автор: Zakharevich Yu. S. Yuliya Sergeevna
Співавтор: Национальный исследовательский Томский политехнический университет (ТПУ) Энергетический институт (ЭНИН) Кафедра автоматизации теплоэнергетических процессов (АТП)
Інші автори: Strizhak P. A. Pavel Alexandrovich
Резюме:Title screen
A technoeconomic analysis of transition from coal to water-coal-organic chemical slurry fuels (WCOSF) prepared from wastes of coal, petroleum, and used oil treatment was made with reference to a typical heat and electric power generating plant. The economic cost associated with transition to WCOSF and possible effects therefrom are evaluated. The studied fuel compositions are classified in terms of ignition and combustion properties, combustion heat, and cost. The specific parameters illustrating the expedience of WCOSF combustion in spite of the required structural and operational variations of heat and power generating blocks are determined.
Режим доступа: по договору с организацией-держателем ресурса
Мова:Англійська
Опубліковано: 2017
Предмети:
Онлайн доступ:https://doi.org/10.1007/s10556-017-0356-0
Формат: MixedMaterials Електронний ресурс Частина з книги
KOHA link:https://koha.lib.tpu.ru/cgi-bin/koha/opac-detail.pl?biblionumber=655947

MARC

LEADER 00000naa0a2200000 4500
001 655947
005 20250401135713.0
035 |a (RuTPU)RU\TPU\network\22287 
090 |a 655947 
100 |a 20171013d2017 k||y0rusy50 ba 
101 0 |a eng 
102 |a US 
135 |a drcn ---uucaa 
181 0 |a i  
182 0 |a b 
200 1 |a Technoeconomic Prerequisites for Use of Water-Coal-Organic Chemical Slurry Fuels in Large Power Plants  |f Yu. S. Zakharevich, P. A. Strizhak 
203 |a Text  |c electronic 
300 |a Title screen 
320 |a [References: p. 419 (12 tit.)] 
330 |a A technoeconomic analysis of transition from coal to water-coal-organic chemical slurry fuels (WCOSF) prepared from wastes of coal, petroleum, and used oil treatment was made with reference to a typical heat and electric power generating plant. The economic cost associated with transition to WCOSF and possible effects therefrom are evaluated. The studied fuel compositions are classified in terms of ignition and combustion properties, combustion heat, and cost. The specific parameters illustrating the expedience of WCOSF combustion in spite of the required structural and operational variations of heat and power generating blocks are determined. 
333 |a Режим доступа: по договору с организацией-держателем ресурса 
461 |t Chemical and Petroleum Engineering  |o Scientific Journal 
463 |t Vol. 53, iss. 5-6  |v [P. 412-419]  |d 2017 
610 1 |a электронный ресурс 
610 1 |a труды учёных ТПУ 
610 1 |a продукты горения 
610 1 |a жидкое топливо 
610 1 |a водоугольное топливо 
610 1 |a воспламенение 
610 1 |a сжигание 
700 1 |a Zakharevich  |b Yu. S.  |c specialist in the field of thermal engineering  |c Associate Professor of Tomsk Polytechnic University, Candidate of Technical Sciences  |f 1987-  |g Yuliya Sergeevna  |3 (RuTPU)RU\TPU\pers\37173  |9 20151 
701 1 |a Strizhak  |b P. A.  |c Specialist in the field of heat power energy  |c Doctor of Physical and Mathematical Sciences (DSc), Professor of Tomsk Polytechnic University (TPU)  |f 1985-  |g Pavel Alexandrovich  |3 (RuTPU)RU\TPU\pers\30871  |9 15117 
712 0 2 |a Национальный исследовательский Томский политехнический университет (ТПУ)  |b Энергетический институт (ЭНИН)  |b Кафедра автоматизации теплоэнергетических процессов (АТП)  |3 (RuTPU)RU\TPU\col\18678 
801 2 |a RU  |b 63413507  |c 20171013  |g RCR 
856 4 |u https://doi.org/10.1007/s10556-017-0356-0 
942 |c CF